| 000 | 00570nam a22001937a 4500 | ||
|---|---|---|---|
| 005 | 20251108174743.0 | ||
| 008 | 250721s2008 xx 000 0 ara d | ||
| 082 | 1 | 4 | _a658/عام |
| 100 | 1 |
_aالعامري، صالح مهدي محسن _eمؤلف |
|
| 245 | 1 | 0 | _aالإدارة و الاعمال / |
| 250 | _aط2 | ||
| 264 | 1 |
_aعمان : _bوائل للنشر، _c2008. |
|
| 300 | _a722ص. | ||
| 650 | 1 | 7 | _aالادارة |
| 650 | 1 | 7 | _aادارة الاعمال |
| 700 | 1 | _aالغالبي، طاهر محسن منصور | |
| 942 |
_2ddc _cBK |
||
| 999 |
_c117157 _d117157 |
||